Loading...
| Fine Arts - Classical Music | 0 | 10 | 0 | 1 | 100 | 39 | 75.10 | 6 | 10 | 35.80 | 82.73 |
| Philosophy | 0 | 8 | 1 | 0 | 75 | 24 | 67.13 | 6 | 8 | 31.59 | 70.00 |
| Social Science | 0 | 7 | 0 | 0 | 70 | 36 | 57.29 | 6 | 6 | 31.72 | 60.00 |
| History - World | 0 | 7 | 1 | 1 | 65 | 35 | 87.86 | 2 | 3 | 18.98 | 35.68 |
| History - European | 0 | 7 | 2 | 0 | 60 | 23 | 74.86 | 3 | 6 | 26.15 | 49.32 |
| Fine Arts - Painting and Sculpture | 0 | 6 | 0 | 0 | 60 | 66 | 81.83 | 2 | 6 | 18.67 | 48.41 |
| History - American | 0 | 7 | 2 | 0 | 60 | 22 | 63.14 | 3 | 4 | 30.79 | 45.00 |
| History - Other | 0 | 7 | 2 | 0 | 60 | 24 | 85.57 | 2 | 3 | 19.79 | 37.95 |
| Literature - World | 0 | 5 | 0 | 0 | 50 | 72 | 92.60 | 0 | 4 | 15.49 | 34.77 |
| Mythology | 0 | 6 | 3 | 0 | 45 | 37 | 66.83 | 2 | 4 | 25.69 | 45.45 |
| Science - Biology | 0 | 4 | 0 | 0 | 40 | 56 | 70.75 | 1 | 3 | 13.19 | 27.95 |
| Religion | 0 | 4 | 0 | 1 | 40 | 37 | 85.00 | 1 | 2 | 10.58 | 23.64 |
| Literature - European | 0 | 4 | 1 | 0 | 35 | 19 | 80.50 | 2 | 3 | 15.06 | 29.55 |
| Fine Arts - Other | 0 | 5 | 3 | 0 | 35 | 66 | 82.80 | 3 | 5 | 16.68 | 43.64 |
| Other Academic | 0 | 2 | 0 | 0 | 20 | 30 | 56.50 | 2 | 2 | 38.17 | 66.67 |
| Science - Other | 0 | 2 | 0 | 0 | 20 | 71 | 77.50 | 0 | 2 | 5.98 | 16.36 |
| Current Events | 0 | 2 | 1 | 0 | 15 | 43 | 58.00 | 0 | 2 | 35.19 | 51.67 |
| Science - Physics | 0 | 1 | 0 | 0 | 10 | 82 | 82.00 | 0 | 0 | 3.36 | 6.82 |
| Literature - American | 0 | 1 | 0 | 0 | 10 | 90 | 90.00 | 0 | 1 | 2.94 | 7.95 |
| Literature - British | 0 | 1 | 1 | 0 | 5 | 103 | 103.00 | 0 | 0 | 2.54 | 3.64 |
| Geography | 0 | 0 | 1 | 0 | -5 | 0.00 | 0 | 0 | 0.00 | 0.00 | |
| Science - Chemistry | 0 | 0 | 1 | 0 | -5 | 0.00 | 0 | 0 | 0.00 | 0.00 |